[Event "Try a little strange...opening?   "]
[Site "SchemingMind.com"]
[Date "2018.12.23"]
[Round "-"]
[White "Uzi Mike"]
[Black "JAHI"]
[Result "1-0"]
[WhiteCountry "USA"]
[BlackCountry "INT"]
[WhiteElo "2312"]
[WhiteRD "88"]
[BlackElo "1904"]
[BlackRD "69"]
[GameID "436170"]

1. a3 f6 2. e4 e6 3. Nc3 f5 4. exf5 exf5 5. d4 Nf6 6. Bg5 Be7 7. Bc4 Ne4 8. Nxe4 fxe4 9. Bh6 g6 10. Bg7 Bf6
11. Bxh8 Bxh8 12. Bd5 c6 13. Bxe4 Qe7 14. Qe2 Bxd4 15. O-O-O Bf6 16. c4 d6 17. Nf3 Bg4 18. Rhe1 Nd7 19. Qd2 Be5 20. Nxe5 dxe5
21. f3 Be6 22. Qa5 Kf7 23. Qc7 Nf6 24. Qxe5 Re8 25. Bc2 Bxc4 26. Qg3 Qf8 27. Qc7+ Re7 28. Qxe7+ Qxe7 29. Rxe7+ Kxe7 30. b4 b6
31. Kb2 Bd5 32. Bb3 h6 33. Bxd5 Nxd5 34. Kb3 Ke6 35. Re1+ Kd7 36. g3 g5 37. Re4 Nf6 38. Re2 Kd6 39. f4 gxf4 40. gxf4 Kd5
41. f5 c5 42. bxc5 bxc5 43. Re6 Ng4 44. h3 Nf2 45. Re3 c4+ 46. Kc2 Nd3 47. f6 Nf4 48. f7 Ng6 49. Rg3 Nf8 50. Rg8 Ke6
51. Rxf8 Ke7 52. Ra8 Kxf7 53. Rxa7+ Kf6 54. a4 Kg5 55. Rf7 c3 56. a5 Kh4 57. Rg7 Kxh3 58. a6 h5 59. a7 h4 60. a8=Q Kh2
61. Qg2#
1-0

[Event "Try a little strange...opening?   "]
[Site "SchemingMind.com"]
[Date "2018.12.23"]
[Round "-"]
[White "JAHI"]
[Black "Uzi Mike"]
[Result "0-1"]
[WhiteCountry "INT"]
[BlackCountry "USA"]
[WhiteElo "1975"]
[WhiteRD "72"]
[BlackElo "2161"]
[BlackRD "94"]
[GameID "436171"]

1. a3 d5 2. c3 e5 3. c4 dxc4 4. Qa4+ Nd7 5. Qxc4 Nc5 6. Qc2 Be6 7. Nc3 Nb3 8. Rb1 Nd4 9. Qa4+ b5 10. Nxb5 Bb3
11. Nxc7+ Ke7 12. Qa5 Nc2+ 13. Kd1 Nxa3+ 14. Ke1 Nc2+ 15. Kd1 Nb4+ 16. Ke1 Nc2+ 17. Kd1 Nb4+ 18. Ke1 Kd7 19. Qb5+ Kc8 20. f3 Qxc7
21. Qe8+ Qd8 22. Qxe5 Ba2 23. Qe4 Rb8 24. Ra1 Nf6 25. Qf5+ Be6 26. Qb1 Bb3 27. Qf5+ Kb7 28. Kf2 g6 29. Qa5 Nd3+ 30. exd3 Qd4+
31. Ke1 Bc5 32. Qa6+ Kc7 33. Nh3 Qh4+ 34. g3 Rbe8+
0-1

[Event "Try a little strange...opening?   "]
[Site "SchemingMind.com"]
[Date "2019.01.10"]
[Round "-"]
[White "Ilang"]
[Black "Uzi Mike"]
[Result "1/2-1/2"]
[WhiteCountry "HUN"]
[BlackCountry "USA"]
[WhiteElo "2446"]
[WhiteRD "101"]
[BlackElo "2090"]
[BlackRD "94"]
[GameID "436725"]

1. a3 d5 2. d4 Bf5 3. c4 e6 4. Nc3 c6 5. Bf4 Nf6 6. e3 Be7 7. Bd3 Bxd3 8. Qxd3 dxc4 9. Qxc4 Nd5 10. Bg3 h5
11. h3 Nxc3 12. Qxc3 Nd7 13. Ne2 O-O 14. O-O Qb6 15. Qc2 c5 16. Rfd1 h4 17. Bh2 cxd4 18. Nxd4 Rac8 19. Qe2 Rfd8 20. Nf3 Qb3
21. Rac1 Nf8 22. Be5 Rxd1+ 23. Rxd1 Ng6 24. Bd4 Qa4 25. Qf1 b5 26. Bc3 a6 27. Rd4 Qc2 28. Rd3 Rc7 29. Rd2 Qb3 30. Qb1 Rc8
31. Rd7 Qc4 32. Qd1 Bf6 33. Rd3 Be7 34. Rd4 Qc6 35. Qa1 e5 36. Rd1 Qe6 37. Rc1 e4 38. Nd4 Qd5 39. Bb4 Rxc1+ 40. Qxc1 Bf6
41. Qc8+ Kh7 42. Bc3 Qh5 43. f3 Qd5 44. Kf2=
1/2-1/2

[Event "Try a little strange...opening?   "]
[Site "SchemingMind.com"]
[Date "2019.01.10"]
[Round "-"]
[White "Uzi Mike"]
[Black "Ilang"]
[Result "0-1"]
[WhiteCountry "USA"]
[BlackCountry "HUN"]
[WhiteElo "2090"]
[WhiteRD "94"]
[BlackElo "2446"]
[BlackRD "101"]
[GameID "436726"]

1. a3 d5 2. d4 Nf6 3. Nf3 e6 4. Bg5 Be7 5. e3 O-O 6. Bd3 h6 7. Bf4 Nbd7 8. Nc3 Nh5 9. Be5 c5 10. O-O Nxe5
11. dxe5 g6 12. a4 b6 13. Qe1 Bb7 14. Be2 a6 15. Nb1 f5 16. c4 d4 17. Qc1 dxe3 18. Qxe3 g5 19. Nc3 Nf4 20. Rfd1 Qc7
21. a5 bxa5 22. Ra2 Rad8 23. Rxd8 Rxd8 24. Ne1 Rd4 25. h3 h5 26. Nf3 Bxf3 27. Qxf3 g4 28. Qg3 h4 29. Qe3 Qb7 30. Bf1 Bg5
31. hxg4 fxg4 32. Qe1 h3 33. g3 Nd3 34. Qe2 Qf7 35. b3 Nc1 36. Qe1 Nxa2 37. Nxa2 Rd2 38. Nc3 Rxf2 39. Bxh3 Qf3 40. Qxf2 Be3
41. Nd1 Qxd1+ 42. Bf1 Bxf2+ 43. Kxf2 Qf3+ 44. Ke1 Qxg3+ 45. Ke2 Qf3+ 46. Ke1 g3 47. Bh3 Qh1+
0-1

[Event "Try a little strange...opening?   "]
[Site "SchemingMind.com"]
[Date "2019.01.06"]
[Round "-"]
[White "Ilang"]
[Black "JAHI"]
[Result "1-0"]
[WhiteCountry "HUN"]
[BlackCountry "INT"]
[WhiteElo "2501"]
[WhiteRD "104"]
[BlackElo "2133"]
[BlackRD "80"]
[GameID "436727"]

1. a3 f6 2. e4 e6 3. d4 f5 4. exf5 exf5 5. Nf3 Nf6 6. Bd3 Qe7+ 7. Be2 Nc6 8. O-O d6 9. Bb5 Kf7 10. Bc4+ d5
11. Ba2 Kg8 12. c4 Qd7 13. Nc3 Ne7 14. Bg5 c6 15. Re1 Qd6 16. cxd5 cxd5 17. Qb3 h6 18. Bxf6 gxf6 19. Rxe7 Bxe7 20. Nxd5 Kh7
21. Nc7 Rf8 22. Nxa8 Qc6 23. Re1 Bd6 24. Nh4 f4 25. d5 Re8 26. Bb1+ Kh8 27. Qc3 Rxe1+ 28. Qxe1 Qa4 29. Qe2 Kg8 30. Qh5 Bf8
31. d6 Qb3 32. Qg6+ Bg7 33. h3 Kf8 34. Nc7 Bd7 35. Bd3 f5 36. Bxf5 Qf7 37. Bxd7 Qxg6 38. Nxg6+ Kf7 39. Be8+ Kg8 40. Ne7+ Kh7
41. Bg6+ Kh8 42. d7 Bxb2 43. Ne6 Bxa3 44. d8=Q#
1-0

[Event "Try a little strange...opening?   "]
[Site "SchemingMind.com"]
[Date "2019.01.06"]
[Round "-"]
[White "JAHI"]
[Black "Ilang"]
[Result "0-1"]
[WhiteCountry "INT"]
[BlackCountry "HUN"]
[WhiteElo "2133"]
[WhiteRD "80"]
[BlackElo "2501"]
[BlackRD "104"]
[GameID "436728"]

1. a3 d5 2. c3 Nf6 3. c4 dxc4 4. Qa4+ c6 5. Qxc4 e5 6. d3 Be6 7. Qc2 Nbd7 8. Bg5 h6 9. Bxf6 Qxf6 10. Nc3 g5
11. g3 Qg7 12. Nf3 Be7 13. Bg2 f5 14. Nd2 h5 15. Rg1 O-O-O 16. Nb5 Kb8 17. Bxc6 Rc8 18. Nxa7 Nb6 19. Nxc8 Rxc8 20. Rc1 Rxc6
21. Qb1 Rd6 22. Qc2 Bf6 23. b3 e4 24. dxe4 fxe4 25. Nxe4 Bf5 26. f3 Bd4 27. Rh1 Nd5 28. Qd3 Rd7 29. b4 Bb6 30. h3 Qe5
31. Qb5 Be3 32. Rc3 Bd2+ 33. Nxd2 Qxg3+ 34. Kf1 Nxc3 35. Qxd7 Bxd7 36. Ne4 Nxe4 37. fxe4 Bb5 38. h4 g4 39. e5 Qf3+ 40. Kg1 Qxe2
41. a4 Qf1+ 42. Kh2 Qf2#
0-1

[Event "Try a little strange...opening?   "]
[Site "SchemingMind.com"]
[Date "2019.01.18"]
[Round "-"]
[White "Ilang"]
[Black "Keithk"]
[Result "0-1"]
[WhiteCountry "HUN"]
[BlackCountry "ENG"]
[WhiteElo "2446"]
[WhiteRD "101"]
[BlackElo "2541"]
[BlackRD "65"]
[GameID "437306"]

1. a3 e5 2. c4 Nf6 3. Nc3 Nc6 4. Nf3 g6 5. g3 Bg7 6. Bg2 O-O 7. d3 d6 8. Bg5 h6 9. Be3 Be6 10. O-O a5
11. Rb1 d5 12. d4 e4 13. Ne5 dxc4 14. Nxc6 bxc6 15. Nxe4 Nxe4 16. Bxe4 Qd6 17. Qa4 Ra6 18. Rfd1 Rb8 19. Bf4 Qd7 20. Qc2 Bd5
21. Bg2 Be6 22. Be5 Rab6 23. Be4 Rb3 24. Bg2 R8b6 25. Bxg7 Kxg7 26. e3 Qd6 27. Be4 Bd5 28. Bg2 a4 29. e4 Be6 30. e5 Qd7
31. Be4 Bd5 32. f3 h5 33. Qf2 h4 34. Rdc1 hxg3 35. hxg3 Bxe4 36. fxe4 c5 37. dxc5 Qh3 38. cxb6 Rxg3+ 39. Qxg3 Qxg3+ 40. Kh1 Qf3+
41. Kg1 Qe3+ 42. Kh2 cxb6 43. Re1 Qf2+ 44. Kh3 g5
0-1

[Event "Try a little strange...opening?   "]
[Site "SchemingMind.com"]
[Date "2019.01.18"]
[Round "-"]
[White "Keithk"]
[Black "Ilang"]
[Result "1-0"]
[WhiteCountry "ENG"]
[BlackCountry "HUN"]
[WhiteElo "2541"]
[WhiteRD "65"]
[BlackElo "2446"]
[BlackRD "101"]
[GameID "437307"]

1. a3 d5 2. d4 c6 3. Bf4 Bf5 4. e3 e6 5. Bd3 Nf6 6. h3 Bxd3 7. cxd3 c5 8. dxc5 Bxc5 9. Nd2 Qb6 10. Ngf3 O-O
11. Rc1 Nbd7 12. Rc2 Rfc8 13. O-O a5 14. Qe2 Bd6 15. Rfc1 Rxc2 16. Rxc2 Ne8 17. Bxd6 Nxd6 18. e4 dxe4 19. Nxe4 Nf5 20. Qd2 Ne7
21. Qf4 Nd5 22. Qd6 Qxd6 23. Nxd6 Rb8 24. g3 Kf8 25. Kf1 b5 26. Rc6 Ke7 27. Ne4 Ra8 28. Ke2 b4= 29. a4 h6 30. b3 Ra7
31. d4 Nb8 32. Rc8 Nd7 33. Kd3 N5f6 34. Nc5 g5 35. Nd2 h5 36. Nxd7 Nxd7 37. Rg8 f6 38. Nc4 h4 39. gxh4 gxh4 40. Rg4 Kf8
41. Re4 Ra6 42. Rxh4 Kg7 43. Rh5 f5 44. Rg5+ Kh7 45. Rg1 Nf6 46. Ne5 Ra8 47. Rc1 Nd5 48. Rc6 Nf4+ 49. Ke3 Nd5+ 50. Kf3
1-0

[Event "Try a little strange...opening?   "]
[Site "SchemingMind.com"]
[Date "2019.01.20"]
[Round "-"]
[White "Uzi Mike"]
[Black "Keithk"]
[Result "0-1"]
[WhiteCountry "USA"]
[BlackCountry "ENG"]
[WhiteElo "2303"]
[WhiteRD "92"]
[BlackElo "2586"]
[BlackRD "74"]
[GameID "437308"]

1. a3 e5 2. c4 Nf6 3. e3 Be7 4. Qc2 O-O 5. Nc3 c5 6. Bd3 g6 7. Nf3 Nc6 8. b3 d6 9. O-O Bg4 10. Be2 d5
11. cxd5 Nxd5 12. Bb2 Rc8 13. Rfc1 Nxc3 14. Qxc3 Bf6 15. d3 Be6 16. Nd2 b6 17. Qc2 Qd7 18. Nc4 Bg7 19. Re1 Rfd8 20. Rad1 f5
21. Qb1 b5 22. Nd2 Qd6 23. Qc1 a6 24. Qc2 Bf7 25. Qc3 Be6 26. Qc2 h6 27. Ba1 Bf7 28. Qc3 Bf6 29. Bb2 h5 30. Rc1 Qe6
31. Ra1= Kg7 32. Rad1 g5 33. Rc1 g4 34. Bf1 Kg8 35. Red1 Be7 36. Qc2 h4 37. Re1 Qh6 38. Qd1 g3 39. Qc2 gxf2+ 40. Kxf2 h3
41. Nf3 hxg2 42. Bxg2 c4 43. dxc4 e4 44. Ne5 Bc5 45. b4 Qf4+ 46. Nf3 exf3 47. bxc5 Qxh2 48. Kxf3 f4 49. Kf2 f3 50. Rg1 Qh4+
51. Kf1 Bxc4+ 52. Qxc4+ bxc4 53. Bxf3+ Kf8 54. Rh1 Qg3 55. Rh8+ Ke7 56. Rh7+ Ke6 57. Rh6+ Kf5 58. Rf6+ Kg5 59. Rc2 Ne5 60. Rg2 Qxg2+
0-1

[Event "Try a little strange...opening?   "]
[Site "SchemingMind.com"]
[Date "2019.01.21"]
[Round "-"]
[White "Keithk"]
[Black "Uzi Mike"]
[Result "1-0"]
[WhiteCountry "ENG"]
[BlackCountry "USA"]
[WhiteElo "2601"]
[WhiteRD "72"]
[BlackElo "2322"]
[BlackRD "89"]
[GameID "437309"]

1. a3 d5 2. d4 Nf6 3. Nf3 Bf5 4. Nc3 e6 5. Bf4 Bd6 6. Bxd6 Qxd6 7. e3 O-O 8. Bd3 Bxd3 9. cxd3 Nbd7 10. O-O c5
11. dxc5 Nxc5 12. Rc1 Rfc8 13. b4 Ncd7 14. h3 a6 15. Qb3 Qf8 16. g3 Qd6 17. Rc2 Re8 18. Kg2 b5 19. Rfc1 Nb6 20. a4 d4
21. Nxd4 e5 22. Nf3 Qxd3 23. axb5 axb5 24. Rd1 Qc4 25. Qxc4 bxc4 26. Rd6 Rab8 27. b5 Nfd7 28. Rc6 e4 29. Nd4 Ne5 30. Rc7 Ra8
31. Rb7 Nc8 32. Rb2 Nd6 33. Rb6 Nd3 34. Rb1 Red8 35. Nc6 Rd7 36. Ra6 Rc8 37. Nd5 Rf8 38. b6 h6 39. Ra7 Nb7 40. Nc3 Rc8
41. Na5 Ndc5 42. Nxc4 Kf8 43. g4 g6 44. Nb5 Kg7 45. Nd4 Re8 46. Rb5 Kf6 47. Na5 Ke7 48. Nxb7 Nxb7 49. Rb4 Kd6 50. Rc4 Kd5
51. Rc2 Ke5 52. h4 Kf6 53. Nb5 Rb8 54. Rc7 Ke6 55. Kg3 h5 56. g5 Ke7 57. Kf4 Ke6 58. Kxe4 f5+ 59. gxf6 Kxf6 60. Rxd7 Nc5+
61. Kf4 Rxb6 62. Rf7+ Ke6 63. Nd4+ Kd5 64. Ra5 Ra6 65. Rxa6 Nxa6 66. Kg5 Nb4 67. Kxg6
1-0

[Event "Try a little strange...opening?   "]
[Site "SchemingMind.com"]
[Date "2019.01.18"]
[Round "-"]
[White "JAHI"]
[Black "Keithk"]
[Result "0-1"]
[WhiteCountry "INT"]
[BlackCountry "ENG"]
[WhiteElo "1975"]
[WhiteRD "72"]
[BlackElo "2563"]
[BlackRD "66"]
[GameID "437310"]

1. a3 e5 2. d3 d5 3. d4 exd4 4. Qxd4 Nf6 5. Bg5 Be7 6. Bxf6 Bxf6 7. Qd3 c6 8. c3 Qb6 9. Qc2 Bf5 10. Qxf5 Qxb2
11. e3 Nd7 12. Ne2 g6 13. Qd3 Nc5 14. Qd1 Qxa1 15. Qc2 Ne4 16. f3 Bxc3+ 17. Nxc3 Nxc3 18. Qxc3 Qxb1+ 19. Kf2 O-O-O 20. Qb4 Qc2+
21. Be2 d4 22. exd4 Rhe8 23. Re1 Rd7 24. Qc5 Qb2 25. d5 Rxd5 26. Qb4 Qc2 27. Qc4 Rxe2+
0-1

[Event "Try a little strange...opening?   "]
[Site "SchemingMind.com"]
[Date "2019.01.19"]
[Round "-"]
[White "Keithk"]
[Black "JAHI"]
[Result "1-0"]
[WhiteCountry "ENG"]
[BlackCountry "INT"]
[WhiteElo "2563"]
[WhiteRD "66"]
[BlackElo "1975"]
[BlackRD "72"]
[GameID "437311"]

1. a3 f6 2. e4 e6 3. d4 f5 4. exf5 exf5 5. Bd3 d6 6. Nf3 c6 7. O-O Qc7 8. Re1+ Kd8 9. c4 h6 10. Bd2 Be7
11. Nc3 g6 12. c5 g5 13. Rc1 dxc5 14. Ne5 Rh7 15. dxc5 Bd7 16. Na4 Kc8 17. Nxd7 Qxd7 18. Qc2 Rf7 19. Bc4 Qe8 20. Bc3 Na6
21. Qb3 Rf8 22. Be6+ Kb8 23. Bxg8 Nc7 24. Bc4 Qd7 25. Rcd1 Nd5 26. Bxd5 cxd5 27. Rxd5 Qe8 28. c6
1-0

[Event "Try a little strange...opening?   "]
[Site "SchemingMind.com"]
[Date "2019.02.22"]
[Round "-"]
[White "Ilang"]
[Black "private napoleon"]
[Result "1-0"]
[WhiteCountry "HUN"]
[BlackCountry "ENG"]
[WhiteElo "2486"]
[WhiteRD "103"]
[BlackElo "1763"]
[BlackRD "89"]
[GameID "438543"]

1. a3 g6 2. e3 Bg7 3. d4 d5 4. c4 e6 5. Nf3 c6 6. Nc3 Nf6 7. Be2 O-O 8. O-O Nbd7 9. b4 Re8 10. Bb2 e5
11. dxe5 Nxe5 12. Nxe5 Rxe5 13. Nxd5 Nxd5 14. Bxe5 Bxe5 15. Rc1 Be6 16. cxd5 cxd5 17. Bg4 Qd7 18. Bxe6 fxe6 19. Qd2 Rc8 20. f4 Bg7
21. Rxc8+ Qxc8 22. Rc1 Qd7 23. Qc2 d4 24. Qc8+ Qxc8 25. Rxc8+ Bf8 26. exd4
1-0

[Event "Try a little strange...opening?   "]
[Site "SchemingMind.com"]
[Date "2019.02.22"]
[Round "-"]
[White "private napoleon"]
[Black "Ilang"]
[Result "0-1"]
[WhiteCountry "ENG"]
[BlackCountry "HUN"]
[WhiteElo "1763"]
[WhiteRD "89"]
[BlackElo "2486"]
[BlackRD "103"]
[GameID "438544"]

1. a3 d5 2. d4 Nf6 3. Bf4 g6 4. Nf3 Bg7 5. h3 c5 6. c3 Nc6 7. e3 O-O 8. Bd3 Nd7 9. Nbd2 e5 10. dxe5 Ndxe5
11. Bc2 b6 12. O-O Bb7 13. Qe2 Re8 14. Rad1 Qc8 15. Nxe5 Nxe5 16. Bxe5 Bxe5 17. c4 d4 18. f4 Bg7 19. e4 Qd7 20. Bd3 f6
21. Rde1 Bf8 22. Kh1 Re7 23. b3 Rae8 24. Ra1 Bg7 25. b4 Qc7 26. b5 f5 27. e5 Bxe5 28. fxe5 Rxe5 29. Qf2 Re3 30. Bxf5 Re2
31. Be6+ R2xe6 32. Rae1 Re3 33. Nf3 Bxf3 34. gxf3 Qf7 35. Rxe3 Rxe3 36. Kg2 Qxc4 37. Qg3 Qxb5 38. Qb8+ Qe8 39. Qxa7 d3 40. Qxb6 Re2+
41. Kg1 Qe5 42. Qd8+ Kg7 43. Qd7+ Kh6
0-1

[Event "Try a little strange...opening?   "]
[Site "SchemingMind.com"]
[Date "2019.02.24"]
[Round "-"]
[White "Uzi Mike"]
[Black "private napoleon"]
[Result "1-0"]
[WhiteCountry "USA"]
[BlackCountry "ENG"]
[WhiteElo "2119"]
[WhiteRD "95"]
[BlackElo "1806"]
[BlackRD "91"]
[GameID "438545"]

1. a3 g6 2. g3 Bg7 3. Bg2 d5 4. d4 Nf6 5. c3 O-O 6. Bf4 e6 7. Nf3 c6 8. Nbd2 Nh5 9. e3 Nxf4 10. gxf4 f5
11. h4 Nd7 12. h5 c5 13. hxg6 hxg6 14. Qe2 Kf7 15. c4 b6 16. cxd5 exd5 17. Ng5+ Ke7 18. Rh7 Rg8 19. Bxd5 Rb8 20. Bxg8 Qxg8
21. Qc4 Bb7 22. Qe6+ Qxe6 23. Rxg7+ Kf6 24. Nxe6 Kxe6 25. Nc4 Bf3 26. Rxg6+ Nf6 27. Ne5 Bb7 28. Rxf6+ Kxf6 29. Nd7+ Ke6 30. Nxb8
1-0

[Event "Try a little strange...opening?   "]
[Site "SchemingMind.com"]
[Date "2019.02.25"]
[Round "-"]
[White "private napoleon"]
[Black "Uzi Mike"]
[Result "0-1"]
[WhiteCountry "ENG"]
[BlackCountry "USA"]
[WhiteElo "1820"]
[WhiteRD "92"]
[BlackElo "2090"]
[BlackRD "94"]
[GameID "438546"]

1. a3 d5 2. d4 Bf5 3. Bf4 e6 4. Nf3 Bd6 5. Bg3 c5 6. e3 Ne7 7. c3 O-O 8. Bd3 Nbc6 9. dxc5 Bxc5 10. O-O Rc8
11. Nd4 Bxd4 12. exd4 f6 13. Re1 Qb6 14. Bxf5 Nxf5 15. Rxe6 Qxb2 16. Nd2 Qxc3 17. Nf3 Ncxd4 18. Nxd4 Qxd4 19. Qxd4 Nxd4 20. Re7 Rf7
21. Ree1 Rd7 22. Red1 Nc2 23. Rac1 Rc4 24. a4 d4 25. Bf4 d3
0-1

[Event "Try a little strange...opening?   "]
[Site "SchemingMind.com"]
[Date "2019.02.22"]
[Round "-"]
[White "private napoleon"]
[Black "JAHI"]
[Result "1/2-1/2"]
[WhiteCountry "ENG"]
[BlackCountry "INT"]
[WhiteElo "1798"]
[WhiteRD "100"]
[BlackElo "1890"]
[BlackRD "70"]
[GameID "438547"]

1. a3 f6 2. e4 e6 3. d4 f5 4. exf5 exf5 5. f4 c6 6. Nf3 Qc7 7. Bc4 d6 8. O-O Be7 9. Re1 Kd8 10. Bb3 h6
11. Qe2 Nf6 12. c4 Re8 13. Nc3 Bf8 14. Qf2 Rxe1+ 15. Qxe1 Qe7 16. Bd2 Nbd7 17. Nh4 Kc7 18. Nxf5 Qxe1+ 19. Rxe1 Nc5 20. dxc5 Bxf5
21. cxd6+ Bxd6 22. g3 Bc5+ 23. Kg2 Rd8 24. Be3 Re8 25. Bd2 Rxe1 26. Bxe1 Ng4 27. h3 Ne3+ 28. Kh2 Bd3 29. Bf2 Nf1+ 30. Kg2 Bxf2
31. Kxf2 Nd2 32. Ke3 Bxc4 33. Kxd2 Bxb3 34. Ke3 Kd6 35. Ke4 Ke6 36. Ne2 Bd5+ 37. Kd4 b6 38. g4 c5+ 39. Ke3 Bg2 40. h4 Kd5
41. b3 Bh3 42. g5 hxg5 43. fxg5 Ke5 44. h5 Be6 45. h6 gxh6 46. gxh6 Kf6 47. b4 Bg8 48. bxc5 bxc5 49. a4 Kg6 50. a5 Kxh6
51. Nc3 Kg7 52. Kd3 Kf8 53. Nb5 a6 54. Nc7 Ke7 55. Nxa6 Kd6 56. Nxc5 Kxc5 57. a6 Kb6 58. a7 Kxa7
1/2-1/2

[Event "Try a little strange...opening?   "]
[Site "SchemingMind.com"]
[Date "2019.02.22"]
[Round "-"]
[White "JAHI"]
[Black "private napoleon"]
[Result "1-0"]
[WhiteCountry "INT"]
[BlackCountry "ENG"]
[WhiteElo "2133"]
[WhiteRD "80"]
[BlackElo "1829"]
[BlackRD "89"]
[GameID "438548"]

1. a3 b6 2. d3 Bb7 3. e3 d5 4. g3 c5 5. Bg2 e6 6. e4 Nf6 7. exd5 exd5 8. Bg5 Be7 9. Bxf6 Bxf6 10. c3 O-O
11. h3 Re8+ 12. Kf1 Qe7 13. h4 Nc6 14. Nh3 Rad8 15. Nd2 Ne5 16. Nf4 Ba6 17. Nxd5 Bxd3+ 18. Kg1 Qd6 19. Qa4 Ng4 20. Qxg4 Re2
21. Ne4 Rxe4 22. Nxf6+ Qxf6 23. Bxe4 Bxe4 24. Qxe4
1-0

[Event "Try a little strange...opening?   "]
[Site "SchemingMind.com"]
[Date "2019.02.24"]
[Round "-"]
[White "private napoleon"]
[Black "Keithk"]
[Result "0-1"]
[WhiteCountry "ENG"]
[BlackCountry "ENG"]
[WhiteElo "1806"]
[WhiteRD "91"]
[BlackElo "2553"]
[BlackRD "67"]
[GameID "438549"]

1. a3 e5 2. e4 Nf6 3. Nc3 Bc5 4. f4 d6 5. Nf3 O-O 6. Be2 Nc6 7. d3 Ng4 8. Rf1 f5 9. exf5 exf4 10. Bxf4 Be3
11. Bg3 Bh6 12. Bf2 Bxf5 13. Ne4 d5 14. Ng3 Bg6 15. h3 Nxf2 16. Rxf2 Qd6 17. Nh1 Rae8 18. c3 Ne5 19. Nxe5 Qxe5 20. Kf1 Qh2
21. Rxf8+ Rxf8+ 22. Nf2 Qh1#
0-1

[Event "Try a little strange...opening?   "]
[Site "SchemingMind.com"]
[Date "2019.02.24"]
[Round "-"]
[White "Keithk"]
[Black "private napoleon"]
[Result "1-0"]
[WhiteCountry "ENG"]
[BlackCountry "ENG"]
[WhiteElo "2540"]
[WhiteRD "67"]
[BlackElo "1829"]
[BlackRD "89"]
[GameID "438550"]

1. a3 b6 2. e4 Bb7 3. Nc3 g6 4. d4 Bg7 5. Nf3 d6 6. Bc4 Nf6 7. Qe2 O-O 8. e5 dxe5 9. dxe5 Nfd7 10. e6 fxe6
11. Ng5 Nc5 12. Be3 h6 13. Bxc5 bxc5 14. Qxe6+ Kh8 15. Qxg6 hxg5 16. Qh5+ Bh6 17. Qxh6#
1-0

[Event "Try a little strange...opening?   "]
[Site "SchemingMind.com"]
[Date "2019.02.24"]
[Round "-"]
[White "Uzi Mike"]
[Black "Kevin Powers"]
[Result "1-0"]
[WhiteCountry "USA"]
[BlackCountry "CUB"]
[WhiteElo "2117"]
[WhiteRD "89"]
[BlackElo "1033"]
[BlackRD "119"]
[GameID "438607"]

1. a3 d5 2. Nf3 Nf6 3. g3 Bg4 4. Ne5 Bh5 5. c4 e6 6. Qb3 Qc8 7. cxd5 exd5 8. d4 c6 9. Bf4 Nbd7 10. Bh3 a5
11. Nc3
1-0

[Event "Try a little strange...opening?   "]
[Site "SchemingMind.com"]
[Date "2019.02.25"]
[Round "-"]
[White "Ilang"]
[Black "flyinduck"]
[Result "1-0"]
[WhiteCountry "HUN"]
[BlackCountry "CAN"]
[WhiteElo "2446"]
[WhiteRD "101"]
[BlackElo "2067"]
[BlackRD "64"]
[GameID "438625"]

1. a3 d5 2. d4 c6 3. Nf3 Bf5 4. Bf4 e6 5. e3 Nf6 6. Bd3 Bxd3 7. cxd3 Nh5 8. Be5 Nd7 9. O-O Nxe5 10. dxe5 g6
11. Nc3 Be7 12. d4 O-O 13. Qc2 f6 14. Rad1 g5 15. exf6 Bxf6 16. h3 Kh8 17. Qe2 Ng7 18. Rfe1 Qe8 19. Na4 Qf7 20. Nc5 Nf5
21. e4 Nh6 22. exd5 exd5 23. Ne5 Bxe5 24. Qxe5+ Qf6 25. Qxf6+ Rxf6 26. Nxb7 Rb8 27. Re7 Rf7 28. Rxf7 Nxf7 29. Na5 Rxb2 30. Nxc6 Ra2
31. Nxa7 Rxa3 32. Nc6 Kg7 33. Ne7 Ra5 34. Re1 Kf6 35. Kh2 h5 36. Kg3 Rb5 37. f3 Ra5 38. h4 Rb5 39. hxg5+ Kxg5 40. f4+ Kh6
41. Re6+ Kh7 42. Nf5 Rb2 43. Rf6 Kg8 44. Rg6+ Kf8 45. Kh4 Rf2 46. Kxh5 Rxf4 47. Rf6 Kg8 48. Ne7+ Kg7 49. Rxf4
1-0

[Event "Try a little strange...opening?   "]
[Site "SchemingMind.com"]
[Date "2019.02.25"]
[Round "-"]
[White "flyinduck"]
[Black "Ilang"]
[Result "0-1"]
[WhiteCountry "CAN"]
[BlackCountry "HUN"]
[WhiteElo "2049"]
[WhiteRD "60"]
[BlackElo "2505"]
[BlackRD "108"]
[GameID "438626"]

1. a3 e5 2. e4 Nf6 3. Nc3 Nc6 4. Nf3 d5 5. Bb5 d4 6. Ne2 Bd6 7. d3 O-O 8. c3 dxc3 9. bxc3 Na5 10. O-O a6
11. Ba4 b5 12. Bc2 Re8 13. h3 c5 14. Ng3 h6 15. Re1 Nc6 16. Bb2 Bc7 17. Qe2 Be6 18. Rad1 Bb6 19. Rd2 Qc7 20. Red1 Na5
21. c4 Nc6 22. Bb1 bxc4 23. dxc4 Ba5 24. Rd5 Nd4 25. Nxd4 exd4 26. Qd3 Bxd5 27. exd5 Re5 28. Nf5 Rae8 29. g3 Qb6
0-1

[Event "Try a little strange...opening?   "]
[Site "SchemingMind.com"]
[Date "2019.03.01"]
[Round "-"]
[White "Uzi Mike"]
[Black "flyinduck"]
[Result "1-0"]
[WhiteCountry "USA"]
[BlackCountry "CAN"]
[WhiteElo "2119"]
[WhiteRD "95"]
[BlackElo "2075"]
[BlackRD "61"]
[GameID "438627"]

1. a3 d5 2. Nf3 Nf6 3. d4 c6 4. Bf4 Bf5 5. e3 e6 6. Bd3 Bxd3 7. Qxd3 Bd6 8. Bxd6 Qxd6 9. O-O O-O 10. Nbd2 Nbd7
11. c4 Rfe8 12. Rfd1 e5 13. dxe5 Nxe5 14. Nxe5 Qxe5 15. cxd5 Nxd5 16. Nc4 Qe6 17. Na5 b6 18. Nxc6 Nxe3 19. Nd4
1-0

[Event "Try a little strange...opening?   "]
[Site "SchemingMind.com"]
[Date "2019.02.25"]
[Round "-"]
[White "flyinduck"]
[Black "Uzi Mike"]
[Result "0-1"]
[WhiteCountry "CAN"]
[BlackCountry "USA"]
[WhiteElo "2047"]
[WhiteRD "63"]
[BlackElo "2161"]
[BlackRD "94"]
[GameID "438628"]

1. a3 d5 2. d4 Nf6 3. Nf3 Bf5 4. c4 dxc4 5. Qa4+ c6 6. Qxc4 Nbd7 7. Bf4 e6 8. e3 Nd5 9. Bg3 Be7 10. Bd3 h5
11. h3 Bxd3 12. Qxd3 h4 13. Bh2 Qb6 14. Qe2 g5 15. O-O g4 16. hxg4 h3 17. gxh3 Rxh3 18. Kg2 Rh8 19. Nc3 Rg8 20. Ne5 Nxe5
21. dxe5 Nxc3 22. bxc3 O-O-O 23. Rfd1 Rxd1 24. Rxd1 Bxa3 25. Bf4 Bc5 26. g5 Qb3 27. Qh5 Rf8 28. Rd3 a5 29. g6 fxg6 30. Qxg6 Kb8
31. Rd6 Bxd6 32. exd6 e5 33. Bg3 Ka7 34. d7 Qd5+
0-1

[Event "Try a little strange...opening?   "]
[Site "SchemingMind.com"]
[Date "2019.02.25"]
[Round "-"]
[White "private napoleon"]
[Black "flyinduck"]
[Result "0-1"]
[WhiteCountry "ENG"]
[BlackCountry "CAN"]
[WhiteElo "1791"]
[WhiteRD "98"]
[BlackElo "2036"]
[BlackRD "68"]
[GameID "438629"]

1. a3 Nf6 2. d4 g6 3. Bf4 Bg7 4. Nf3 O-O 5. e3 d6 6. Bd3 b6 7. O-O c5 8. c3 Bb7 9. Nbd2 Nh5 10. Bg3 Nxg3
11. hxg3 e5 12. e4 cxd4 13. cxd4 Nd7 14. d5 h6 15. Rc1 Rc8 16. Qe2 f5 17. Kh2 f4 18. Nh4 fxg3+ 19. fxg3 Rxf1 20. Rxf1 Qg5
21. Ndf3 Qh5 22. Ng1 Qxe2 23. Nxe2 Nf8 24. Rc1 Rxc1 25. Nxc1 Kf7 26. Nf3 Nd7 27. Kg1 Kf6 28. Kf2 h5 29. Nh4 Bh6 30. Nb3 Nc5
31. Nxc5 dxc5 32. a4 Bc1 33. b3 Bb2 34. Kf3 Bc8 35. Kf2 Bd4+ 36. Ke2 Kg5 37. Bb5 Bg4+ 38. Nf3+ Kf6 39. Kd3 Bxf3 40. gxf3 g5
41. Kc2 h4 42. gxh4 gxh4 43. Bf1 c4 44. bxc4 Bc5 45. a5 Kg5 46. axb6 axb6 47. Kb3 Kf4 48. Ka4 Kxf3
0-1